LEADER 01236nam--2200409---450- 001 990001868400203316 005 20111103104635.0 010 $a978-88-7466-178-7 035 $a000186840 035 $aUSA01000186840 035 $a(ALEPH)000186840USA01 035 $a000186840 100 $a20040722d2005----km-y0itay50------ba 101 0 $aita 102 $aIT 105 $ay|||||||001yy 200 1 $aProgrammare percorsi CLIL$fTeresina Barbero, John Clegg 210 $aRoma$cCarocci Faber$d2005 215 $a142 p.$d20 cm 225 2 $aVivere le lingue 225 2 $aScuolafacendo$iTascabili$v32 410 0$12001$aVivere le lingue 410 0$12001$aScuolafacendo$iTascabili$v32 606 0 $aLingue straniere$xInsegnamento$2BNCF 676 $a418.0071 700 1$aBARBERO,$bTeresina$0322046 701 1$aCLEGG,$bJohn$f<1946- >$0564605 801 0$aIT$bsalbc$gISBD 912 $a990001868400203316 951 $aII.4. 4002$b232759 L.M.$cII.4.$d00267660 959 $aBK 969 $aUMA 979 $aACQUISTI$b10$c20040722$lUSA01$h1013 979 $aANNAMARIA$b90$c20111103$lUSA01$h1044 979 $aANNAMARIA$b90$c20111103$lUSA01$h1046 996 $aProgrammare percorsi CLIL$9954776 997 $aUNISA LEADER 01762nam0 22004093i 450 001 VAN00259045 005 20250722122004.341 017 70$2N$a9781461489993 100 $a20230606d2014 |0itac50 ba 101 $aeng 102 $aUS 105 $a|||| ||||| 181 $ai$b e 182 $ab 183 $acr 200 1 $aMetal-on-Metal Bearings$eA Clinical Practicum$feditors Lynne C. Jones, Warren O. Haggard, A. Seth Greenwald 210 $aNew York$cSpringer$d2014 215 $aX, 200 p.$cill.$d24 cm 620 $aUS$dNew York$3VANL000011 676 $a610.28$cIngegneria biomedica. Biomateriali$v22 676 $a621.89$cTribologia$v22 676 $a616.071$cPatologia molecolare. Medicina molecolare$v22 702 1$aHaggard$bWarren O.$3VANV213503 702 1$aJones$bLynne C.$3VANV086953 712 $aSpringer $3VANV108073$4650 790 1$aHaggard, W.O.$zHaggard, Warren O.$3VANV213504 790 1$aHaggard, W. O.$zHaggard, Warren O.$3VANV213505 790 1$aJones, L.C.$zJones, Lynne C.$3VANV213501 790 1$aJones, L. C.$zJones, Lynne C.$3VANV213502 801 $aIT$bSOL$c20250912$gRICA 856 4 $uhttps://link.springer.com/book/10.1007/978-1-4614-8999-3$zE-book ? Accesso al full-text attraverso riconoscimento IP di Ateneo, proxy e/o Shibboleth 899 $aBIBLIOTECA DEL DIPARTIMENTO DI SCIENZE E TECNOLOGIE AMBIENTALI BIOLOGICHE E FARMACEUTICHE$1IT-CE0101$2VAN17 912 $fN 912 $aVAN00259045 950 $aBIBLIOTECA DEL DIPARTIMENTO DI SCIENZE E TECNOLOGIE AMBIENTALI BIOLOGICHE E FARMACEUTICHE$d17CONS e-book 2305 $e17BIB2305/221 221 20230606 $sBuono 996 $aMetal-on-Metal Bearings$92544236 997 $aUNICAMPANIA